云南省城市 - Statistics

General Stats
  • This quiz has been taken 24 times
  • The average score is 13 of 16
Answers on the Grid
Answers color-coded by a green-red scale on the quiz's grid according to % correct below.
昆明
曲靖
玉溪
昭通
保山
丽江
普洱
临沧
德宏
怒江
迪庆
大理
楚雄
红河
文山
西双版纳
果洛
毕节
林芝
六盘水
凉山
丽水
金华
景德镇
上饶
萍乡
镇江
赤峰
鹤岗
临沂
临夏
玉树
 
Answer Stats
Answer % Correct
昆明
93%
怒江
93%
丽江
86%
德宏
86%
大理
86%
西双版纳
86%
普洱
79%
迪庆
79%
楚雄
79%
红河
79%
文山
79%
曲靖
71%
玉溪
71%
昭通
71%
临沧
71%
保山
64%
No matching quizzes found
Score Distribution
Percent of People with Each Score
Percentile by Number Answered
Your Score History
You have not taken this quiz